000 00761nas a2200241 4500
001 BR0202176
003 BR-BrBNA
005 20231205102913.0
007 ta
008 230509b bl.|||p| |||| 00| 00por d
040 _aBR-BrBNA
_bpor
_cBiblioteca Nacional de Agricultura
041 _a(Pt)
072 _aE70; E71
100 1 _aBrum, A.L.
245 1 _aSob a pressão do modelo econômico liberal surgem um novo Estado e novas relações econômicas entre os povos
650 _aCOMÉRCIO
650 _aPOLÍTICA ECONÔMICA
650 _aINVESTIMENTO
650 _aRECURSO ECONÔMICO
773 0 _tAgroanalysis (Brazil)
_xISSN 0100-4298
_g(Nov 2001), v. 21(11) p. 56-57
_wBR0202176
909 _a202311
_bLúcia
_c55
_dLúcia Elande
942 _2AGRIS
_n0
_cANA
999 _c170000
_d170000